Wer hat es gesagt? - Zitate von deutschen Politikern - Statistiken

Allgemein
  • Dieses Quiz wurde 1.367 mal gespielt
  • Das Durchschnittsergebnis liegt bei 7 aus 14
Antwortstatistiken
Zitat Antwort % Korrekt
Wir schaffen das Angela Merkel
99%
Man kann sagen, das ist hier ein Doppel-Wumms Olaf Scholz
80%
Hey Rezo du alter Zerstörer Philipp Amthor
74%
Es ist besser, nicht zu regieren, als falsch zu regieren Christian Lindner
71%
Wenn sie ganz blöd sind, können Sie sich nicht 16 Jahre im Amt halten. Helmut Kohl
53%
Wir werden sie jagen Alexander Gauland
50%
Wir wollen mehr Demokratie wagen Willy Brandt
50%
Man kann es so oder so machen. Ich bin für so Gerhard Schröder
46%
Niemand hat die Absicht eine Mauer zu errichten Walter Ulbricht
45%
Vorwärts immer, rückwärts nimmer! Erich Honecker
43%
Das größte Problem ist ihre grandiose Idee einen beispielslosen Wirtschaftskrieg gegen unseren wichtigsten Energielieferanten vom Zaun zu brechen Sahra Wagenknecht
39%
Wir sollten Europa nicht den Leyen überlassen Martin Sonneborn
33%
Ich habe erklärt, [...] dass es rechts von der CDU/CSU keine demokratisch legitimierte Partei geben darf Franz Josef Strauß
23%
Ich liebe doch alle, alle Menschen Erich Mielke
10%
Keine übereinstimmenden Quizze gefunden
Verteilung der Resultate
Anzahl Personen mit jedem Resultat
Perzentil nach korrekt beantworteten Fragen
Ihre Resultats-Entwicklung
Sie haben dieses Quiz noch nicht gespielt